000 00611nam a2200229Ia 4500
001 21384
003 DO-CoUTE
005 20260204212547.0
008 220104s9999 dr 000 0 spa d
020 _a950-08-1038-7
040 _aDO-CoUTE
_bspa
_cDO-CoUTE
041 0 _aspa
082 _a925 W582s (CRF)
100 1 _aWhite, Michael
245 1 0 _aStephen Hawking : Una vida para la ciencia / Michael White
260 _aBuenos aires,Argentina :
300 _a110 páginas
700 1 _aJohn Gribbin
942 _2ddc
_cBK
999 _c20493
_d20493